Statistics for Cyrillic Languages

Click here to take the quiz!

General Stats

  • This quiz has been taken 60 times
  • The average score is 10 of 20

Answer Stats

Cyrillic Languages% Correct
Russian
98%
Ukrainian
96%
Belarusian
93%
Serbian
88%
Bulgarian
84%
Macedonian
77%
Kazakh
75%
Kyrgyz
74%
Mongolian
63%
Tajik
58%
Tatar
49%
Montenegrin
42%
Ossetian
25%
Mari
18%
Ingush
16%
Udmurt
16%
Rusyn
12%
Khanty
7%
Abaza
4%
Erzya
4%

Score Distribution

Percentile by Number Answered

Percent of People with Each Score

Your Score History

You have not taken this quiz